[Event "Winter 2018 CCCSA-GM B"]
[Site "Charlotte"]
[Date "2018.01.11"]
[Round "1"]
[White "Burke, John M"]
[Black "Tiglon, Bryce"]
[Result "1-0"]
[WhiteElo "2514"]
[BlackElo "2385"]
[Annotator "TA"]
[PlyCount "81"]
[EventDate "2018.01.11"]
[EventType "tourn"]
[EventCountry "USA"]
[SourceTitle "playchess.com"]
[Source "ChessBase"]
[SourceQuality "1"]

{[%evp 21,81,16,22,19,18,24,16,21,36,0,66,60,96,35,203,181,208,59,50,66,68,43,131,82,72,27,229,210,203,204,215,225,215,185,207,180,241,227,276,231,615,617,553,146,139,57,57,57,59,37,43,52,58,59,77,37,440,440,645,635,29968,5197]} 1. e4 e6 2. d4 d5 3. Nc3 Bb4 4. e5 c5 5. a3 Ba5 6. b4 cxd4 7. Qg4 Kf8 {C18: Französische Verteidigung (Nimzowitsch-Variante)} 8. Nb5 Bb6 9. Nf3 Nc6 10. Bb2 Nge7 11. Bd3 Ng6 {LiveBook: 6 Partien} 12. Qg3 f6 {[%cal Rg6e5]} 13. Bxg6 (13. Nbxd4 Ncxe5 14. Nxe5 Nxe5 $17) 13... hxg6 14. Nbxd4 Nxd4 {[#]} 15. Nxd4 $146 ({Vorgänger:} 15. Bxd4) 15... Kf7 (15... Bd7 $11) 16. Nb5 $1 $14 {[%cal Rb5d6]} g5 {[#]} 17. O-O-O {[%cal Ba1d1,Bd1d4,Bd4g4][%mdl 32]} (17. c4 $1 $16 {[%mdl 512]}) 17... Bc7 $2 (17... f5 $1 $14) 18. h4 Bd7 19. Nxc7 ({Weiss kommt nicht vorbei an} 19. hxg5 $1 $18 Bxe5 20. Bxe5 Bxb5 21. g6+ Ke7 22. Rxh8 Qxh8 23. Bc7) 19... gxh4 ({Viel schwächer wäre} 19... Qxc7 20. exf6 Qxg3 21. fxg3 $16) 20. Qf3 Qxc7 21. exf6 g6 (21... g5 $1 $14) 22. Rd4 Rac8 {[%csl Gc8][%cal Rc7c2]} 23. Qe2 (23. c4 $5) 23... g5 $2 (23... Ba4 $11 {und Schwarz muss sich keine Sorgen machen.}) 24. Rg4 Ba4 {[%cal Ra4c2]} 25. c4 $1 Bb5 {[%cal Rb5c4]} 26. Kb1 (26. Rxg5 Qxc4+ 27. Qxc4 Rxc4+ 28. Kd2 Rhc8 $11) 26... Bxc4 27. Qe3 Rcg8 28. Rxg5 Bd3+ (28... Rxg5 $142 29. Qxg5 Bd3+ 30. Ka1 Rg8 31. Qxh4 Qd7) 29. Ka1 $18 Rxg5 30. Qxg5 {Schwarz muss nun Dg7+ beachten.} Bg6 $2 (30... Rg8 31. Qxh4 Qb8) 31. Rc1 Qd7 32. Qf4 $2 $40 {[%mdl 128] Weiss riecht Blut.} (32. Be5 $18) 32... Rc8 $16 33. Qh6 ({Lieber} 33. Rh1 $16) 33... Rxc1+ $1 $14 34. Bxc1 {jetzt Dg7+ und aus.} Kxf6 35. Qh8+ Kf5 $1 36. Qxh4 {[%csl Gc1][%cal Rh4f4]} Qg7+ 37. Bb2 $1 {[%cal Rb2g7]} e5 {[#]} 38. f4 $1 {[%mdl 512]} d4 $2 {[%mdl 8192] [#]} (38... Be8 $14) (38... exf4 39. Bxg7) 39. Qg5+ $1 $18 ({Schwächer ist} 39. fxe5 Qxe5 40. Bxd4 Qe2 $16) 39... Ke4 {[#]} (39... Ke6 $142 40. f5+ Kd7 41. fxg6 Ke6) 40. f5 $1 {[%mdl 512]} d3 (40... Bxf5 41. Qxg7) 41. fxg6 {Precision: Weiß = 35%, Schwarz = 38%.} (41. f6 $142 Qc7 42. Qxg6+ Ke3 43. f7 Qc8 44. Qg8 Qf5 45. f8=Q Qxf8 46. Qxf8) 1-0

[Event "Winter 2018 CCCSA-GM B"]
[Site "Charlotte"]
[Date "2018.01.11"]
[Round "1"]
[White "Khamrakulov, Djurabek"]
[Black "Kadric, Denis"]
[Result "1/2-1/2"]
[WhiteElo "2498"]
[BlackElo "2502"]
[Annotator "TA"]
[PlyCount "48"]
[EventDate "2018.01.11"]
[EventType "tourn"]
[EventCountry "USA"]
[SourceTitle "playchess.com"]
[Source "ChessBase"]
[SourceQuality "1"]

{[%evp 16,48,22,0,29,5,0,-16,-12,-12,-12,-12,-45,-25,-14,-10,-17,-35,-10,-16,-16,-74,81,0,19,-133,-134,-209,53,60,60,-222,38,0,93]} 1. e4 d6 2. d4 Nf6 3. Nc3 e5 4. Nf3 Nbd7 5. Rg1 (5. Bc4 Be7 6. O-O O-O 7. Re1 c6 8. a4 a5 9. h3 Re8 10. Ba2 Bf8 11. Be3 Qc7 12. Ng5 Re7 13. f4 b6 14. fxe5 dxe5 15. d5 cxd5 16. exd5 {1-0 (16) Wang,H (2709)-Ivanchuk,V (2726) Huaian 2017}) 5... g6 6. g4 {C41: Philidor Defence} Bg7 7. g5 Nh5 8. Be3 O-O 9. Qd2 {LiveBook: 12 Games} Nb6 10. O-O-O {Threatening dxe5.} f5 $146 ({Predecessor:} 10... Be6 11. Be2 Nc4 12. Bxc4 Bxc4 13. dxe5 dxe5 {½-½ (37) Popovic,D (2583)-Rabrenovic,V (2396) Valjevo 2012}) 11. dxe5 fxe4 12. Bxb6 axb6 13. Qd5+ Kh8 14. Qxe4 Qe7 {[%cal Rd6e5]} 15. Nd5 Qf7 16. Bc4 $1 {Hoping for Nxb6!} Ra4 {And now ...b5 would win.} 17. exd6 $1 {Threatens to win with Ne5.} Bf5 $36 {[%mdl 2048] Black is pushing.} (17... Qxf3 $6 18. Qxf3 Rxf3 19. Bb3 $16) 18. Ne5 (18. Qe2 $11) 18... Qe6 $2 (18... Bxe4 19. Nxf7+ Rxf7 20. Bb3 $18) (18... Qe8 $17 {keeps the pressure on.} 19. d7 Qxe5 20. Qxe5 Bxe5 21. Nxb6 Rb4) 19. Nf6 ({White should try} 19. Nc3 $16 Rxc4 20. Qxc4 Bxe5 21. Qxc7) 19... Nxf6 $11 {[#]} 20. Bxe6 $2 (20. Nxg6+ $1 $11 {[%mdl 512]} hxg6 (20... Bxg6 21. Qxe6) 21. Qxe6 (21. Bxe6 $2 Nxe4 22. Bxf5 Nxd6 $19) 21... Bxe6 22. Bxe6) 20... Nxe4 $17 (20... Bxe4 $2 {is the wrong capture.} 21. dxc7 Nd5 22. Nf7+ (22. Bxd5 Bxe5 23. Bxe4 Bxc7 $16) 22... Rxf7 23. c8=Q+ $18 (23. Bxd5 Rxc7 24. Bxe4 Bxb2+ 25. Kxb2 Rb4+ 26. Kc1 Rxe4 $16)) 21. Nf7+ {[#]} (21. d7 $17 {is a better defense.} Nd6 22. Rxd6 $1 {[%mdl 512]} cxd6 23. Nf7+ Kg8 24. Nh6+ Kh8 25. Nf7+ Kg8 26. Nh6+ Kh8 27. Nf7+) 21... Kg8 $2 (21... Rxf7 $1 $19 {[%mdl 512]} 22. Bxf7 Nxd6) 22. Nh6+ $14 {[%mdl 1024] White has compensation.} Kh8 23. Nf7+ $2 {[%mdl 8192] [#]} (23. Nxf5 $14 Be5 24. d7 Bf4+ 25. Ne3) 23... Kg8 $2 (23... Rxf7 $1 $19 {[%mdl 512]} 24. Bxf7 Nxd6) 24. Nh6+ (24. Bb3 $14 Ra5 25. d7 (25. dxc7 Rxf7 26. Rge1 Nc5 $14) 25... Bxd7 26. Ne5+ (26. Rxd7 Nc5 $11) 26... Kh8 27. Nxd7) 24... Kh8 {Precision: White = 34%, Black = 18%.} 1/2-1/2

[Event "Winter 2018 CCCSA-GM B"]
[Site "Charlotte"]
[Date "2018.01.11"]
[Round "1"]
[White "Zapata, Alonso"]
[Black "Zierk, Steven"]
[Result "0-1"]
[WhiteElo "2422"]
[BlackElo "2494"]
[Annotator "TA"]
[PlyCount "94"]
[EventDate "2018.01.11"]
[EventType "tourn"]
[EventCountry "USA"]
[SourceTitle "playchess.com"]
[Source "ChessBase"]
[SourceQuality "1"]

{[%evp 10,94,22,20,30,24,29,26,16,0,0,0,15,0,0,0,0,6,12,10,0,-31,-27,-64,-72,-110,-126,-118,-60,-68,-59,-60,-63,-85,-68,-236,-224,-241,-236,-255,-245,-240,-223,-230,-233,-263,-244,-262,-249,-416,-327,-312,-261,-461,-191,-240,-242,-225,-265,-265,-258,-209,-196,-527,-573,-597,-961,-650,-961,-726,-322,-457,-130,-321,-75,-29977,-29978,-29978,-29979,-29979,-29980,-29980,-29981,-29981,-29982,-29982,-29982]} 1. e4 e6 2. d4 d5 3. Nd2 c5 4. exd5 Qxd5 5. Ngf3 cxd4 6. Bc4 Qd7 {C07: French Tarrasch: 3...c5, 4 Ngf3 and 4 exd5 Qxd5} (6... Qd8 7. O-O Nc6 8. Nb3 a6 9. Nbxd4 Nxd4 10. Nxd4 Qc7 11. Bd3 Nf6 12. Re1 Bd6 13. h3 O-O 14. Bg5 Be5 15. c3 h6 16. Nf3 Bxc3 {1-0 (51) Mamedov,R (2709)-Le,Q (2737) Huaian 2017}) 7. O-O Nc6 8. Nb3 Nf6 {White has an edge.} 9. Qe2 a6 10. a4 Bd6 11. Rd1 e5 12. Nbxd4 Nxd4 13. Rxd4 Qe7 14. Rxd6 Qxd6 {[#]} 15. Nxe5 $146 O-O 16. Bf4 {Black should prevent Ng6!} Qd4 $36 {[%mdl 2048] Black has strong initiative.} 17. g3 Qxb2 18. Rd1 {[#] Threatens to win with Nxf7.} Be6 ({Black should try} 18... b5 $1 $17 {[%cal Rb5c4]} 19. axb5 axb5 20. Bxb5 Bf5) 19. Bxe6 $15 fxe6 20. Nd7 $1 Nxd7 $1 21. Rxd7 {Be5 is the strong threat.} Rf7 22. Rxf7 $2 ({White has to play} 22. Qxe6 $15 Qa1+ 23. Kg2) 22... Kxf7 {[%mdl 4096] Endgame KQR-KQB} 23. Be5 Qb4 24. c3 Qxa4 ({Much less strong is} 24... Qb1+ 25. Kg2 $17) 25. Qf3+ Kg8 26. Bxg7 {intending Bd4.} Qa1+ 27. Kg2 Qa2 {White must now prevent ...Qd5.} 28. Qf6 Qd5+ 29. f3 $2 (29. Kg1) 29... Qf5 30. Qd4 a5 31. g4 $2 (31. Be5) 31... Qf7 (31... Qd5 $142 32. Qf6 Qd2+ 33. Kh3 Qd7) 32. Be5 $19 a4 {[%cal Ba5a4,Ba4a3,Ba3a2][%mdl 32]} 33. c4 a3 34. Qe3 a2 35. Ba1 {[#]} Rf8 $1 36. h4 $2 (36. Qg5+ Qg6 37. Qe5) 36... h5 37. Kg3 hxg4 38. fxg4 {[#]} e5 $1 39. Bxe5 Qxc4 (39... Qe7 $142 40. Qe4 Rf7 41. Qg6+ Kf8) 40. h5 Kf7 $2 (40... Rf1 $19 {has better winning chances.} 41. Qb6 Kf7 42. Qg6+ Ke7 43. Qd6+ Ke8 44. Qg6+ Qf7) 41. Ba1 $2 (41. Bd4 $17 {might work better.}) 41... Rd8 $2 (41... Re8 $19 42. Qf2+ Kg8) 42. Qg5 $2 {[%mdl 8192]} (42. Qf2+ $17 Ke8 43. Qe3+ Kd7 44. Qf3) 42... Qc7+ {Black mates.} 43. Be5 Rd3+ 44. Kh4 Qd8 45. Qxd8 Rxd8 46. g5 Ke6 47. Bg7 Rd1 {Precision: White = 51%, Black = 59%.} 0-1

[Event "Winter 2018 CCCSA-GM B"]
[Site "Charlotte"]
[Date "2018.01.11"]
[Round "1"]
[White "Jacobson, Brandon"]
[Black "Gorovets, Andrey"]
[Result "1/2-1/2"]
[WhiteElo "2376"]
[BlackElo "2517"]
[Annotator "TA"]
[PlyCount "98"]
[EventDate "2018.01.11"]
[EventType "tourn"]
[EventCountry "USA"]
[SourceTitle "playchess.com"]
[Source "ChessBase"]
[SourceQuality "1"]

{[%evp 17,98,41,51,38,58,26,43,18,22,-7,17,17,51,52,59,55,69,67,60,70,72,81,78,42,45,61,62,64,81,78,141,114,123,120,146,116,170,104,137,107,114,91,152,170,133,182,181,165,170,133,134,54,67,0,141,134,133,133,187,161,177,173,172,145,173,155,195,195,195,189,188,188,272,17,40,8,8,0,53,55,134,0,0]} 1. Nf3 d5 2. d4 Bf5 3. c4 e6 4. Nc3 c6 5. Qb3 Qb6 6. c5 Qc7 7. Bf4 Qc8 8. e3 Be7 {D11: Slav Defence: 3 Nf3 sidelines and 3...Nf6 4 e3 Bg4} (8... Nf6 9. h3 Be7 10. Be2 Nbd7 11. Qa4 O-O 12. O-O Bd8 13. b4 Bc7 14. Rad1 Re8 15. Bd3 Bg6 16. Bxg6 hxg6 17. Bxc7 Qxc7 {½-½ (42) Holm,K (2403)-Sunilduth Lyna,N (2564) Helsingor 2017}) 9. Be2 Nd7 {LiveBook: 5 Games} 10. Qd1 Ngf6 {White is slightly better.} 11. b4 $146 ({Predecessor:} 11. h3 Ne4 12. Nxe4 Bxe4 13. b4 O-O 14. Bd3 Bxd3 15. Qxd3 a5 16. bxa5 Rxa5 {½-½ (37) Cherednichenko,E (2141)-Sermier,G (2428) Aix les Bains 2011}) 11... Ne4 12. Rc1 g5 13. Be5 f6 14. Bg3 $1 h5 {Strongly threatening ...h4.} 15. Nxe4 Bxe4 16. h3 $1 h4 17. Bh2 $1 Bd8 18. Bd3 Bxd3 19. Qxd3 {Qg6+ is the strong threat.} Bc7 20. Bxc7 Qxc7 21. O-O Kf7 22. e4 Qf4 23. exd5 exd5 (23... cxd5 $142 24. Rfe1 Rae8) 24. Rce1 $16 g4 25. hxg4 Qxg4 26. Nh2 Qh5 (26... Qf4 $16) 27. Qh3 (27. b5 $18) 27... f5 28. Qe3 Rae8 29. Qf4 $1 {[%cal Rf4c7]} Rxe1 (29... Nf6 $142) 30. Rxe1 {Hoping for Qc7.} Re8 31. Rxe8 Kxe8 32. Nf3 h3 33. Qh2 Ke7 34. Qd6+ (34. Qxh3 $16 Qxh3 35. gxh3) 34... Ke8 $14 35. Qh2 (35. Qe6+ $14 Kd8 36. Qg8+ Ke7 37. Qg7+ Ke8 38. a4) 35... Ke7 $1 $16 36. Qxh3 Qxh3 37. gxh3 {[%mdl 4096] Endgame KN-KN} Kf6 (37... Nf6 $16) 38. Kg2 Nf8 39. Nd2 $1 Ne6 {[#]} 40. Nb3 $1 Kg5 41. Na5 Nxd4 42. Nxb7 f4 43. a4 a6 44. Na5 Kf5 {[#]} (44... Kh4 $142 45. Nb7 Kh5) 45. f3 $2 (45. Kf1 $1 $18) 45... Kg5 46. Kf2 Kh4 47. Kg2 Kg5 48. Nb7 $1 Ne6 (48... Nc2 $14) 49. Na5 (49. Kf2 $16) 49... Nd4 {Precision: White = 64%, Black = 53%.} 1/2-1/2

[Event "Winter 2018 CCCSA-GM B"]
[Site "Charlotte"]
[Date "2018.01.11"]
[Round "1"]
[White "Gauri, Shankar"]
[Black "Ostrovskiy, Aleksandr"]
[Result "1/2-1/2"]
[WhiteElo "2345"]
[BlackElo "2391"]
[Annotator "TA"]
[PlyCount "87"]
[EventDate "2018.01.11"]
[EventType "tourn"]
[EventCountry "USA"]
[SourceTitle "playchess.com"]
[Source "ChessBase"]
[SourceQuality "1"]

{[%evp 11,87,-1,24,25,23,16,14,16,30,-12,4,0,0,0,0,-11,0,0,-4,-8,0,-28,-5,-6,0,-15,-11,-12,-9,0,0,-51,-48,-71,-66,-66,-41,-51,-18,-20,-23,-20,-33,-41,-16,-20,-15,-15,0,0,0,-18,0,0,0,0,0,0,0,0,0,0,0,0,0,0,0,0,0,0,0,0,0,0,0,0,0,0]} 1. d4 d5 2. Bf4 c5 3. c3 Nc6 4. e3 Nf6 5. Nd2 e6 6. Ngf3 cxd4 7. exd4 {D02: 1 d4 d5 2 Nf3 sidelines, including 2...Nf6 3 g3 and 2...Nf6 3 Bf4} Nh5 8. Be3 Bd6 9. Ne5 (9. Bd3 Nf4 10. Bxf4 Bxf4 11. O-O O-O 12. Re1 Bd7 13. Ne5 Nxe5 14. dxe5 g6 {1-0 (104) Vidit,S (2715)-Aronian,L (2805) Riadh 2017}) 9... g6 10. Nd3 (10. Ndf3 {seems wilder.} O-O 11. Bh6 Ng7 12. h4 f6 13. Ng4) 10... f6 11. Be2 Ng7 12. f4 O-O 13. Nf3 b6 14. O-O Bb7 $146 ({Predecessor:} 14... a5) 15. Bf2 Qc7 16. Qd2 Ba6 17. g3 Nf5 18. Rfe1 Rae8 19. Bf1 Qc8 20. Bh3 Bc7 21. Bxf5 (21. Rac1 $11) 21... exf5 $15 22. Nb4 Nxb4 23. cxb4 Qd7 24. a4 Rxe1+ 25. Nxe1 Bd6 26. b5 Bb7 27. Qd3 Ra8 28. Nc2 {The position is equal.} a6 29. Na3 axb5 30. Nxb5 Ba6 31. Rc1 Bf8 32. Qb3 Bxb5 33. Qxb5 Qxb5 34. axb5 $11 {[%mdl 4096] Endgame KRB-KRB} Ra5 35. Be1 $1 {[%cal Re1a5]} Ra4 36. Bc3 Kf7 37. Kf2 Ke6 38. Ke3 Kd7 39. Kd3 Bd6 40. Bd2 Bb4 41. Bc3 Bxc3 42. bxc3 Ra2 43. Rc2 Ra3 44. Rb2 {Precision: White = 57%, Black = 69%.} 1/2-1/2

[Event "Winter 2018 CCCSA-GM B"]
[Site "Charlotte"]
[Date "2018.01.11"]
[Round "2"]
[White "Burke, John M"]
[Black "Gauri, Shankar"]
[Result "1-0"]
[WhiteElo "2514"]
[BlackElo "2345"]
[Annotator "TA"]
[PlyCount "93"]
[EventDate "2018.01.11"]
[EventType "tourn"]
[EventCountry "USA"]
[SourceTitle "playchess.com"]
[Source "ChessBase"]
[SourceQuality "1"]

{[%evp 16,93,0,0,6,0,0,0,0,0,31,0,0,-2,0,-4,0,-20,7,-24,-30,-50,14,8,20,8,14,19,19,7,14,16,122,93,187,161,168,53,196,185,222,127,108,91,81,0,0,0,65,0,37,37,67,69,106,23,37,-61,-53,-61,-47,-69,0,0,51,45,46,52,66,64,77,76,184,172,220,213,279,304,758,751]} 1. e4 e5 2. Nf3 Nc6 3. Bb5 Nf6 4. d3 Bc5 5. Nbd2 (5. Bg5 Nd4 6. Nxd4 Bxd4 7. c3 Bb6 8. Nd2 c6 9. Ba4 h6 10. Bh4 d6 11. Nc4 Bc7 12. Ne3 Bb6 {½-½ (68) Carlsen,M (2837)-So,W (2788) London 2017}) 5... d6 6. O-O {C65: Spanische Partie (Berliner-Verteidigung)} O-O 7. Bxc6 bxc6 8. h3 h6 9. Re1 {LiveBook: 5 Partien} Nh7 10. Nb3 Bb6 11. d4 $146 ({Vorgänger:} 11. a4 a6 12. a5 Ba7 {½-½ (60) Stevic,H (2637)-Handke,F (2545) Legnica 2013}) 11... exd4 12. Nbxd4 Bd7 13. e5 Re8 14. Bf4 c5 15. Ne2 Bc6 16. Ng3 d5 17. Qd2 d4 18. Qd3 c4 (18... Nf8 $15) 19. Qxc4 $11 Bxf3 $1 20. gxf3 Qh4 21. Bd2 Ng5 22. Bxg5 $1 Qxg5 23. e6 $36 {[%mdl 2048] Schwarz steht unter Druck.} f5 (23... Re7 $1 $11 {bleibt in der Remisbreite.}) 24. Re5 d3 {[#]} (24... g6 $16) 25. Kg2 $1 $18 Qd2 26. Rf1 (26. e7+ $18 Kh7 27. Rf1) 26... dxc2 (26... Qxc2 $14 27. Qf4 d2 28. Nxf5 Kh7) 27. Re2 (27. Rxf5 $6 Qd6 $14) 27... Qg5 {Schwarz plant ...f4.} 28. f4 ({Minderwertig wäre} 28. Rxc2 f4 $11) (28. e7+ $1 $18 Kh8 29. f4 (29. Qxc2 Rxe7 30. Rxe7 Qxe7 $14)) 28... Qf6 $16 29. Re5 ({Viel schlechter ist} 29. Rxc2 $6 Qxe6 30. Qxe6+ Rxe6 $11) 29... g6 30. Rfe1 ({Lieber} 30. e7+ $16 Qf7 31. Re6 Rxe7 32. Rxg6+ Kh7 33. Rc6) 30... Re7 $1 $11 31. Qxc2 Bd4 (31... Rd8 $11) 32. R5e2 (32. Rd5 $14) 32... Rae8 33. Nf1 {[%cal Bg3f1,Bf1h2,Bh2f3][%mdl 32]} Kh7 34. Nh2 c5 {[%cal Re7e6] [#]} 35. Qb3 ({Günstiger ist} 35. Nf3 $1 $16) 35... g5 36. fxg5 (36. Nf3 $14) 36... Qxg5+ $15 37. Qg3 Qf6 {Droht ...Tg7 und aus.} 38. Kh1 ({Jedoch nicht} 38. Nf3 $2 Rg8 $19) 38... Bxb2 (38... Rg8 $15 39. Qf3 Qg6) 39. Nf3 $11 f4 (39... Bc3 $11 40. Rc1 Bd4) 40. Qg4 $14 Bc3 41. Rc1 Rg8 42. Qh4 Qxh4 43. Nxh4 Bf6 (43... Bd4 $16 {ist wohl besser.}) 44. Nf5 $18 Rc7 45. e7 Re8 46. Re6 Bg7 $2 (46... Bg5 47. Rce1 c4) 47. Rg1 {Precision: Weiß = 47%, Schwarz = 25%.} 1-0

[Event "Winter 2018 CCCSA-GM B"]
[Site "Charlotte"]
[Date "2018.01.12"]
[Round "2"]
[White "Kadric, Denis"]
[Black "Zapata, Alonso"]
[Result "1/2-1/2"]
[WhiteElo "2502"]
[BlackElo "2422"]
[Annotator "TA"]
[PlyCount "91"]
[EventDate "2018.01.11"]
[EventType "tourn"]
[EventCountry "USA"]
[SourceTitle "playchess.com"]
[Source "ChessBase"]
[SourceQuality "1"]

{[%evp 22,91,21,-19,1,13,4,0,13,3,33,16,51,37,62,66,67,68,67,60,59,60,101,91,97,55,112,97,29999,98,91,112,106,69,102,45,45,56,43,40,49,17,16,10,22,0,0,-4,-3,-7,-13,-31,-31,-31,-30,-31,-23,-46,-16,-275,-166,-293,-235,-222,-141,-246,-245,-189,0,-172,-108,-170]} 1. e4 c5 2. Nc3 e6 3. Nf3 a6 4. d4 cxd4 5. Nxd4 b5 6. Bd3 Bb7 7. O-O d6 {[%cal Bd7d6,Bd6d5][%mdl 32]} 8. f4 Nf6 9. Qe2 {B82: Sicilian Scheveningen: 6 f4} Be7 (9... b4 10. Nd1 Be7 11. Kh1 O-O 12. Nf2 Nbd7 13. Bd2 Qb6 14. c3 a5 15. e5 Nd5 {1-0 (31) Bilguun,S (2419)-Dragun,K (2623) Warsaw 2016}) 10. Kh1 O-O 11. Bd2 b4 12. Nd1 {[%cal Bc3d1,Bd1f2,Bf2g4][%mdl 32] LiveBook: 3 Games} d5 13. e5 Ne4 14. Be3 Nd7 $146 ({Predecessor:} 14... Nc6 15. Nf2 Nxd4 16. Bxd4 {1-0 (26) Winslow,E (2320)-Grefe,J (2410) Berkeley 1981}) 15. Nf2 Qc7 16. Ng4 Bc5 17. f5 exf5 18. Nxf5 {aiming for Nfh6+!} Bxe3 19. Qxe3 {Hoping for Bxe4.} Nxe5 {[#]} 20. Ngh6+ $1 {[%mdl 512]} gxh6 21. Bxe4 $1 {Qg3+ is the strong threat.} Kh8 22. Bd3 f6 23. Nd4 Rae8 (23... Ng4 $14 24. Qf4 Qxf4 25. Rxf4 Ne5) 24. Qxh6 $16 {Threatens to win with Ne6!} Nf7 $4 {[%mdl 8192]} (24... Qg7 $16 25. Qxg7+ Kxg7) 25. Qf4 $2 (25. Qxh7# {mates}) 25... Qxf4 26. Rxf4 Ne5 27. Raf1 Bc8 28. h3 ({Not} 28. Rxf6 $2 Rxf6 29. Rxf6 Nxd3 $19) (28. Kg1 $16) 28... Nxd3 $14 29. cxd3 Re3 30. R1f3 Rxf3 31. Nxf3 {[%mdl 4096] Endgame KRB-KRN} (31. Rxf3 {keeps more tension.} Kg7 32. Kg1 Kg6 33. Re3 Bd7 34. Re7) 31... a5 $1 32. Ne5 Ba6 33. d4 Bb5 34. Ng4 Kg7 35. Ne3 Rd8 36. Kg1 Bd3 37. Rf2 Kg6 38. g4 Be4 39. Nf5 Rd7 40. Rd2 $2 {[%mdl 8192]} (40. Ng3 $11 {and White stays safe.}) 40... Bb1 41. a3 (41. Nh4+ $142 Kg5 42. Ng2) 41... bxa3 42. bxa3 Rb7 43. Nh4+ (43. Rf2 $17) 43... Kg5 $19 44. Nf3+ Kg6 45. Nh4+ $1 {[#]} Kg7 (45... Kh6 $1 $19 {Strongly threatening ...Rb3.} 46. Kh2 Rb3) 46. Nf5+ {Precision: White = 40%, Black = 32%.} (46. Rf2 $17) 1/2-1/2

[Event "Winter 2018 CCCSA-GM B"]
[Site "Charlotte"]
[Date "2018.01.11"]
[Round "2"]
[White "Zierk, Steven"]
[Black "Jacobson, Brandon"]
[Result "1-0"]
[WhiteElo "2494"]
[BlackElo "2376"]
[Annotator "TA"]
[PlyCount "79"]
[EventDate "2018.01.11"]
[EventType "tourn"]
[EventCountry "USA"]
[SourceTitle "playchess.com"]
[Source "ChessBase"]
[SourceQuality "1"]

{[%evp 12,79,20,27,29,23,13,-7,32,-11,-18,-14,-14,-18,-11,-1,0,0,0,-5,0,0,0,0,0,-3,14,0,25,34,31,24,23,23,24,0,0,0,0,0,0,0,4,5,8,0,213,231,323,315,972,725,2131,1709,1968,1469,1404,1395,2127,1205,1157,1120,1386,1352,1375,1310,29987,29988,29994,657]} 1. e4 c5 2. Nf3 d6 3. d4 cxd4 4. Nxd4 Nf6 5. Nc3 a6 6. h3 e5 7. Nde2 h5 {B90: Sicilian Najdorf: Unusual White 6th moves, 6 Be3 Ng4 and 6 Be3 e5} 8. Bg5 (8. g3 Nbd7 9. Bg2 b5 10. Nd5 Nxd5 11. Qxd5 Qc7 12. Be3 Bb7 13. Qd2 Rc8 14. Nc3 Nb6 15. Bxb6 Qxb6 {½-½ (33) Nakamura,H (2792)-Vachier Lagrave,M (2791) Saint Louis 2017}) 8... Be6 9. Ng3 g6 {The position is equal.} 10. Bxf6 Qxf6 11. Nd5 Qd8 12. Bc4 Nd7 13. Ne2 $146 ({Predecessor:} 13. Nf1 Rc8 14. Nfe3 Bh6 15. Bb3 {0-1 (32) Dutina,D (2320)-Zufic,M (2417) Sibenik 2012}) 13... Rc8 14. Bb3 $1 Nc5 15. Nec3 Bh6 16. O-O O-O 17. Qe2 Qh4 18. Rad1 Kh8 (18... Qg5 {keeps more tension.} 19. Kh1 b5 20. Nb4 Qe7 21. Nd3 Bg5) 19. Nb6 Nxb3 20. axb3 Rcd8 21. Rd3 g5 {[%cal Bg6g5,Bg5g4][%mdl 32]} 22. Nc4 g4 {[%cal Rg4h3]} 23. g3 ({Of course not} 23. Rxd6 gxh3 24. g3 Qg5 $17) 23... Qxh3 24. Nxd6 h4 $1 25. Nf5 Rxd3 26. Qxd3 Bg5 {...Rd8 is the strong threat.} 27. Qd6 $36 {[%mdl 2048] White is pushing.} Re8 {Hoping for ...Bxf5.} 28. Nxh4 {Black must now prevent Nd5.} f6 $2 (28... Kh7 $11 {and Black is okay.}) 29. Nf5 $18 Qh7 {[#]} 30. Nd5 $1 Qg6 $2 (30... Qd7) 31. Nde7 Qf7 32. Kg2 Bxf5 33. Nxf5 Kg8 34. Rh1 Rf8 35. Ne7+ Kg7 36. Qd7 b5 37. c4 bxc4 38. bxc4 Rb8 39. Nf5+ Kg8 {[#]} 40. Rh8+ $1 {[%mdl 512] Precision: White = 70%, Black = 56%.} 1-0